|
|
|
|
| LEADER |
02163cas a2200289 a 4500 |
| 001 |
AALejournalIMF022621 |
| 008 |
230101c9999 xx r poo 0 0eng d |
| 020 |
|
|
|c 5.00 USD
|
| 020 |
|
|
|z 9798400206580
|
| 022 |
|
|
|a 1934-7685
|
| 040 |
|
|
|a BD-DhAAL
|c BD-DhAAL
|
| 110 |
2 |
|
|a International Monetary Fund.
|b Monetary and Capital Markets Department.
|
| 245 |
1 |
0 |
|a United Kingdom :
|b Financial Sector Assessment Program-Vulnerabilities in NBFIs, Market-Based Finance, and Systemic Liquidity.
|
| 264 |
|
1 |
|a Washington, D.C. :
|b International Monetary Fund,
|c 2022.
|
| 300 |
|
|
|a 1 online resource (62 pages)
|
| 490 |
1 |
|
|a IMF Staff Country Reports
|
| 500 |
|
|
|a <strong>Off-Campus Access:</strong> No User ID or Password Required
|
| 500 |
|
|
|a <strong>On-Campus Access:</strong> No User ID or Password Required
|
| 506 |
|
|
|a Electronic access restricted to authorized BRAC University faculty, staff and students
|
| 520 |
3 |
|
|a The Financial Sector Assessment Program (FSAP) carried out a focused review of the non-banks in the United Kingdom and systemic liquidity. It reviewed five areas: (i) The overall NBFI system, its links to banks and the rest of the world; (ii) NBFI direct lending to the U.K. economy; (iii) Sterling investment funds (OEFs, AIFs, and MMFs); (iv) CCPs; and (v) Systemic liquidity. The NBFIs are defined as all non-deposit-taking corporations, listed in Figure 1, and with the following limited coverage: Pension Funds and Insurance Companies are covered to the extend they lend to the economy and interact with CCPs; Investment funds only to the extent of Sterling Funds; and broker-dealers only to the extent they interact with CCPs. Regulatory aspects of NBFIs are covered in a parallel Technical Note (TN).
|
| 538 |
|
|
|a Mode of access: Internet
|
| 650 |
|
7 |
|a International Agreements and Observance
|2 imf
|
| 650 |
|
7 |
|a International Organizations
|2 imf
|
| 650 |
|
7 |
|a Monetary Policy
|2 imf
|
| 650 |
|
7 |
|a Money and Monetary Policy
|2 imf
|
| 830 |
|
0 |
|a IMF Staff Country Reports; Country Report
|v ;No. 2022/103
|
| 856 |
4 |
0 |
|z Full text available on IMF
|u https://elibrary.imf.org/openurl?genre=journal&issn=1934-7685&volume=2022&issue=103
|z IMF e-Library
|